000 00688nam a2200193Ia 4500
003 GCL
008 140319s9999 xx 000 0 ara d
020 _a2056829953
040 _aGCL /
_cGCL
082 0 4 _a953
_bم ا
100 1 _aمحمد الدعمى
245 1 0 _aالاستشراق الاستجابة الثقافية الغربية للتاريخ العربى الاسلامى /
_cمحمد الدعمى
250 _aالاولى
260 _aبيروت :
_bمركز دراسات الوحدة العربية ،
_c2006
300 _a246 ص:
_bايض ؛
_c23 سم
650 0 4 _aالاستشراق
650 0 4 _aالتاريخ الاسلامى - مصادره
942 _2ddc
_cBK
999 _c30996
_d30996